000 01155 a2200385 4500
502 _aThèse de Doctorat
260 _aWageningen
653 1 _aAgronomie
100 _aROQUAS, Esther
041 _bEn
260 _bUniversité de Wageningen
300 _a263 p.
245 _aStacked law : land, property and conflict in Honduras
650 _aPROPRIETE FONCIERE
650 _aEXPLOITATION AGRICOLE
650 _aMENAGE
650 _aFEMME
650 _aTERRE AGRICOLE
650 _aLEGISLATION
650 _aREGIME FONCIER
650 _aCONFLIT
260 _c12 february 2002
300 _bIll., Couv. ill. ; 24 cm
130 _lEn
440 _aThela Latin America Series
710 _aWageningen University
040 _aSupport
041 _bEn
100 _uAbomey-Calavi, Université d'Abomey-Calavi, Faculté des Sciences Agronomiques, Bj
651 _aHONDURAS
520 _aConflicts about even the smallest amount of land potentially generate violence and reshape people's mutual relations and their relationship with the state...
690 _aLAND CONFLICTS
020 _a90-5808-5600
999 _c31789
_d31789